Schaum's outline of theory and problems of modern algebra /
Guardado en:
| Autor Principal: | |
|---|---|
| Formato: | Libro |
| Idioma: | English |
| Publicado: |
New York :
McGraw-Hill,
c1965.
|
| Series: | Schaum's outline series
Schaum's outline series in mathematics |
| Etiquetas: |
Agregar Etiqueta
Sin Etiquetas, Sea el primero en etiquetar este registro!
|
| LEADER | 00717nam a22002055a 4500 | ||
|---|---|---|---|
| 001 | MAT.inmabb001689 | ||
| 008 | 031212s1965####nyu###########001#0#eng#d | ||
| 005 | 20180502183326.0 | ||
| 245 | 1 | 0 | |a Schaum's outline of theory and problems of modern algebra / |c by Frank Ayres, Jr. |
| 260 | |a New York : |b McGraw-Hill, |c c1965. | ||
| 300 | |a 219 p. ; |c 28 cm. | ||
| 440 | 0 | |a Schaum's outline series | |
| 440 | 0 | |a Schaum's outline series in mathematics | |
| 500 | |a "Including 425 solved problems"--Cubierta. | ||
| 020 | |z 070026556 | ||
| 100 | 1 | |a Ayres, Frank, |d 1901-1994. | |
| 246 | 1 | 8 | |a Modern algebra |
| 246 | 1 | 4 | |a Theory and problems of modern algebra |
| 084 | |a 00A05 (00A07) |2 msc2000 | ||
| 859 | |h 00A05A |i Ay985 |p A-3017 |b BIB. MATEMATICA | ||
